[Event "World Chess Olympiad 2018"]
[Site "Batumi"]
[Date "2018.09.25"]
[Round "2"]
[Board "4"]
[WhiteFideId "10000569"]
[White "Nsubuga Haruna"]
[BlackFideId "16100468"]
[Black "Abdikani Nor Mohamed"]
[Result "1-0"]
[LiveChessVersion "1.4.8"]
[BlackElo "1517"]
[WhiteElo "2222"]

1. e4 {[%clk 1:30:57]} c5 {[%clk 1:30:51]} 2. Nf3 {[%clk 1:31:19]} Nc6
{[%clk 1:31:07]} 3. d4 {[%clk 1:31:44]} cxd4 {[%clk 1:30:58]} 4. Nxd4
{[%clk 1:32:13]} e5 {[%clk 1:30:09]} 5. Nb5 {[%clk 1:32:37]} d6 {[%clk 1:29:56]}
6. N1c3 {[%clk 1:32:15]} a6 {[%clk 1:29:06]} 7. Na3 {[%clk 1:32:40]} b5
{[%clk 1:27:59]} 8. Nd5 {[%clk 1:33:05]} Nce7 {[%clk 1:25:11]} 9. c4
{[%clk 1:29:11]} Nxd5 {[%clk 1:21:40]} 10. cxd5 {[%clk 1:28:30]} Nf6
{[%clk 1:19:40]} 11. f3 {[%clk 1:28:24]} Be7 {[%clk 1:18:26]} 12. Be3
{[%clk 1:26:56]} Bd7 {[%clk 1:17:14]} 13. Rc1 {[%clk 1:27:07]} Rc8
{[%clk 1:16:58]} 14. Bd3 {[%clk 1:24:09]} O-O {[%clk 1:15:20]} 15. O-O
{[%clk 1:24:31]} h6 {[%clk 1:09:27]} 16. Qd2 {[%clk 1:23:49]} Nh7
{[%clk 1:07:45]} 17. Rxc8 {[%clk 1:23:02]} Qxc8 {[%clk 1:04:16]} 18. Nc2
{[%clk 1:22:41]} Qb7 {[%clk 1:01:44]} 19. g3 {[%clk 1:21:52]} Rc8
{[%clk 1:01:21]} 20. f4 {[%clk 1:20:57]} exf4 {[%clk 1:00:28]} 21. gxf4
{[%clk 1:19:41]} Nf6 {[%clk 0:52:10]} 22. Bd4 {[%clk 1:19:56]} Ne8
{[%clk 0:46:26]} 23. Qg2 {[%clk 1:19:45]} Bd8 {[%clk 0:44:07]} 24. e5
{[%clk 1:19:34]} Bb6 {[%clk 0:41:44]} 25. Qe4 {[%clk 1:19:51]} Qa7
{[%clk 0:39:35]} 26. Bxb6 {[%clk 1:17:22]} Qxb6+ {[%clk 0:39:33]} 27. Kh1
{[%clk 1:15:24]} dxe5 {[%clk 0:37:17]} 28. fxe5 {[%clk 1:15:25]} g6
{[%clk 0:29:04]} 29. e6 {[%clk 1:11:07]} Bxe6 {[%clk 0:20:07]} 30. dxe6
{[%clk 1:11:25]} Qxe6 {[%clk 0:20:20]} 31. Qxe6 {[%clk 1:11:45]} fxe6
{[%clk 0:20:34]} 32. Bxg6 {[%clk 1:11:25]} Kg7 {[%clk 0:20:49]} 33. Rg1
{[%clk 1:09:56]} Kf6 {[%clk 0:20:33]} 34. Nb4 {[%clk 1:07:59]} a5
{[%clk 0:20:13]} 35. Bxe8 {[%clk 1:08:00]} Rxe8 {[%clk 0:20:31]} 36. Nc6
{[%clk 1:08:18]} a4 {[%clk 0:20:29]} 37. Rf1+ {[%clk 1:08:37]} Kg5
{[%clk 0:20:37]} 38. Rf7 {[%clk 1:04:20]} e5 {[%clk 0:20:11]} 39. Rb7
{[%clk 1:04:26]} e4 {[%clk 0:19:41]} 40. Rxb5+ {[%clk 1:34:40]} Kf4
{[%clk 0:49:23]} 41. Kg2 {[%clk 1:34:53]} Ke3 {[%clk 0:45:49]} 42. Rd5
{[%clk 1:30:20]} Rg8+ {[%clk 0:42:50]} 43. Kf1 {[%clk 1:30:28]} Rf8+
{[%clk 0:43:08]} 44. Ke1 {[%clk 1:30:52]} Rg8 {[%clk 0:43:21]} 45. Kd1
{[%clk 1:23:50]} Rg1+ {[%clk 0:35:20]} 46. Kc2 {[%clk 1:24:06]} Rg2+
{[%clk 0:35:13]} 47. Kc3 {[%clk 1:24:26]} a3 {[%clk 0:31:28]} 48. bxa3
{[%clk 1:24:08]} Rxa2 {[%clk 0:31:07]} 49. Kb3 {[%clk 1:24:28]} Rxh2
{[%clk 0:31:28]} 50. a4 {[%clk 1:24:43]} Kf4 {[%clk 0:25:53]} 51. a5
{[%clk 1:24:43]} e3 {[%clk 0:22:16]} 52. Rd4+ {[%clk 1:20:14]} Kf5
{[%clk 0:20:16]} 53. Rd8 {[%clk 1:19:45]} Rh1 {[%clk 0:17:25]} 54. Re8
{[%clk 1:16:47]} Ra1 {[%clk 0:09:13]} 55. Rxe3 {[%clk 1:16:56]} Kf4
{[%clk 0:08:24]} 56. Rd3 {[%clk 1:15:22]} h5 {[%clk 0:08:15]} 57. Kb2
{[%clk 1:15:08]} Rxa5 {[%clk 0:06:25]} 58. Nxa5 {[%clk 1:14:49]} Kg4
{[%clk 0:04:27]} 59. Nc4 {[%clk 1:09:17]} 1-0

[Event "World Chess Olympiad 2018"]
[Site "Batumi"]
[Date "2018.09.25"]
[Round "2"]
[Board "2"]
[WhiteFideId "10000127"]
[White "Kawuma Patrick"]
[BlackFideId "16100360"]
[Black "Islam Sh.Nour Kassim"]
[Result "1-0"]
[LiveChessVersion "1.4.8"]
[BlackElo "1995"]
[WhiteElo "2329"]

1. c4 {[%clk 1:28:50]} Nf6 {[%clk 1:30:55]} 2. g3 {[%clk 1:28:41]} e6
{[%clk 1:29:39]} 3. Nf3 {[%clk 1:28:45]} d5 {[%clk 1:29:48]} 4. d4
{[%clk 1:29:09]} Bb4+ {[%clk 1:29:56]} 5. Bd2 {[%clk 1:29:32]} Bxd2+
{[%clk 1:30:00]} 6. Nbxd2 {[%clk 1:29:55]} O-O {[%clk 1:30:02]} 7. Bg2
{[%clk 1:30:05]} b6 {[%clk 1:28:22]} 8. Qc2 {[%clk 1:27:56]} Bb7 {[%clk 1:27:21]}
9. O-O {[%clk 1:25:10]} Nbd7 {[%clk 1:26:25]} 10. b4 {[%clk 1:17:17]} dxc4
{[%clk 1:16:34]} 11. Qxc4 {[%clk 1:13:40]} Rc8 {[%clk 1:14:25]} 12. Rfc1
{[%clk 0:52:49]} Qe7 {[%clk 1:08:59]} 13. b5 {[%clk 0:47:44]} c5 {[%clk 1:03:36]}
14. bxc6 {[%clk 0:45:56]} Bxc6 {[%clk 0:59:34]} 15. Qa6 {[%clk 0:45:37]} Nb8
{[%clk 0:56:34]} 16. Qd3 {[%clk 0:45:10]} Nbd7 {[%clk 0:54:23]} 17. Qa6
{[%clk 0:38:46]} Nb8 {[%clk 0:54:32]} 18. Qd3 {[%clk 0:39:11]} Nbd7
{[%clk 0:54:52]} 19. e4 {[%clk 0:39:22]} Bb7 {[%clk 0:52:55]} 20. h4
{[%clk 0:35:07]} h6 {[%clk 0:52:43]} 21. a4 {[%clk 0:32:30]} Rfd8
{[%clk 0:46:07]} 22. Qe2 {[%clk 0:28:59]} Qb4 {[%clk 0:44:22]} 23. Rcb1
{[%clk 0:26:33]} Qe7 {[%clk 0:38:55]} 24. a5 {[%clk 0:26:39]} Rc2
{[%clk 0:38:28]} 25. Ne1 {[%clk 0:24:38]} Rc3 {[%clk 0:35:37]} 26. axb6
{[%clk 0:24:32]} axb6 {[%clk 0:35:37]} 27. Ra7 {[%clk 0:24:35]} Rb8
{[%clk 0:34:28]} 28. e5 {[%clk 0:18:58]} Nd5 {[%clk 0:33:50]} 29. Nc4
{[%clk 0:19:14]} Qd8 {[%clk 0:20:59]} 30. Nd6 {[%clk 0:17:17]} Rc7
{[%clk 0:20:27]} 31. Rb3 {[%clk 0:17:30]} Bc6 {[%clk 0:16:37]} 32. Ra1
{[%clk 0:12:59]} Ne7 {[%clk 0:12:42]} 33. Qh5 {[%clk 0:10:51]} Ng6
{[%clk 0:11:18]} 34. Bxc6 {[%clk 0:10:44]} Rxc6 {[%clk 0:11:37]} 35. Nxf7
{[%clk 0:10:43]} Qe8 {[%clk 0:06:15]} 36. Nd6 {[%clk 0:10:31]} Rxd6
{[%clk 0:06:43]} 37. exd6 {[%clk 0:10:45]} Nf6 {[%clk 0:06:51]} 38. Qf3
{[%clk 0:09:28]} Qd7 {[%clk 0:06:49]} 39. Ra8 {[%clk 0:08:44]} Qxd6
{[%clk 0:06:30]} 40. Rxb8+ {[%clk 0:39:07]} Qxb8 {[%clk 0:36:43]} 41. Qc6
{[%clk 0:39:16]} Nf8 {[%clk 0:32:12]} 42. Rxb6 {[%clk 0:30:05]} Qd8
{[%clk 0:31:35]} 43. Nf3 {[%clk 0:30:12]} Qe7 {[%clk 0:31:24]} 44. Rb7
{[%clk 0:28:25]} Qa3 {[%clk 0:31:38]} 45. Kg2 {[%clk 0:26:42]} Qa2
{[%clk 0:28:30]} 46. Qc7 {[%clk 0:26:31]} N8d7 {[%clk 0:28:58]} 47. Qd8+
{[%clk 0:26:38]} Kh7 {[%clk 0:28:23]} 48. Rxd7 {[%clk 0:22:28]} Ng4
{[%clk 0:27:29]} 49. Qf8 {[%clk 0:22:03]} Qxf2+ {[%clk 0:27:41]} 50. Kh3 1-0

[Event "World Chess Olympiad 2018"]
[Site "Batumi"]
[Date "2018.09.25"]
[Round "2"]
[Board "1"]
[WhiteFideId "1700146"]
[White "Wiedenkeller Michael"]
[BlackFideId "12539929"]
[Black "Maghsoodloo Parham"]
[Result "1/2-1/2"]
[LiveChessVersion "1.4.8"]
[BlackElo "2649"]
[WhiteElo "2464"]

1. d4 {[%clk 1:30:51]} Nf6 {[%clk 1:30:53]} 2. c4 {[%clk 1:31:08]} e6
{[%clk 1:31:16]} 3. Nc3 {[%clk 1:31:17]} Bb4 {[%clk 1:31:38]} 4. e3
{[%clk 1:31:33]} O-O {[%clk 1:31:58]} 5. Nge2 {[%clk 1:31:48]} c6
{[%clk 1:32:20]} 6. a3 {[%clk 1:31:25]} Ba5 {[%clk 1:32:45]} 7. Qc2
{[%clk 1:31:25]} d5 {[%clk 1:32:57]} 8. Ng3 {[%clk 1:30:48]} Nbd7
{[%clk 1:30:49]} 9. Be2 {[%clk 1:29:07]} dxc4 {[%clk 1:21:08]} 10. Bxc4
{[%clk 1:26:41]} e5 {[%clk 1:21:28]} 11. O-O {[%clk 1:21:34]} exd4
{[%clk 1:20:30]} 12. exd4 {[%clk 1:21:55]} Bc7 {[%clk 1:20:42]} 13. Bg5 Nb6
{[%clk 1:19:03]} 14. Nce4 {[%clk 0:52:24]} Qxd4 {[%clk 1:15:22]} 15. Bxf6
{[%clk 0:49:52]} Qxc4 {[%clk 1:14:21]} 16. Qd2 {[%clk 0:49:21]} Qd5
{[%clk 1:09:21]} 17. Qc3 {[%clk 0:38:29]} Qe6 {[%clk 1:02:12]} 18. Bxg7
{[%clk 0:32:55]} Nd5 {[%clk 1:02:35]} 19. Nf6+ {[%clk 0:27:41]} Qxf6
{[%clk 1:02:58]} 20. Qxf6 {[%clk 0:25:15]} Nxf6 {[%clk 1:03:19]} 21. Bxf6
{[%clk 0:25:37]} Bd8 {[%clk 1:00:29]} 22. Bc3 {[%clk 0:21:30]} f5
{[%clk 0:53:02]} 23. Rfe1 {[%clk 0:19:56]} f4 {[%clk 0:42:18]} 24. Ne4
{[%clk 0:20:16]} b6 {[%clk 0:42:21]} 25. Rad1 {[%clk 0:19:31]} Bf5
{[%clk 0:38:20]} 26. Rd6 {[%clk 0:16:41]} c5 {[%clk 0:35:37]} 27. f3
{[%clk 0:16:02]} Bh4 {[%clk 0:33:54]} 28. g3 {[%clk 0:13:48]} fxg3
{[%clk 0:33:40]} 29. hxg3 {[%clk 0:14:12]} Be7 {[%clk 0:34:01]} 30. Nf6+
{[%clk 0:14:06]} Kf7 {[%clk 0:27:48]} 31. Rd5 {[%clk 0:12:02]} Be6
{[%clk 0:28:12]} 32. Rde5 {[%clk 0:11:16]} Bxf6 {[%clk 0:28:37]} 33. Rxe6
{[%clk 0:11:40]} Bxc3 {[%clk 0:29:02]} 34. bxc3 {[%clk 0:11:54]} Kg7
{[%clk 0:19:43]} 35. Kf2 {[%clk 0:10:18]} Rad8 {[%clk 0:19:53]} 36. a4
{[%clk 0:10:12]} Rd2+ {[%clk 0:16:04]} 37. R1e2 {[%clk 0:08:59]} Rd3
{[%clk 0:16:32]} 38. R2e3 {[%clk 0:06:10]} Rd2+ {[%clk 0:16:55]} 39. Re2
{[%clk 0:06:28]} Rd3 {[%clk 0:17:20]} 40. R6e3 {[%clk 0:36:30]} Rd1
{[%clk 0:44:57]} 41. f4 {[%clk 0:32:34]} Ra1 {[%clk 0:43:26]} 42. Re4
{[%clk 0:32:49]} h5 {[%clk 0:37:00]} 43. Rd2 {[%clk 0:32:37]} Rf7
{[%clk 0:34:48]} 44. Rd5 {[%clk 0:30:32]} Ra3 {[%clk 0:35:12]} 45. Rxh5
{[%clk 0:28:04]} Rxc3 {[%clk 0:35:24]} 46. Rg5+ {[%clk 0:27:55]} Kf6
{[%clk 0:33:39]} 47. g4 {[%clk 0:27:28]} Rd7 {[%clk 0:34:02]} 48. Rf5+
{[%clk 0:27:29]} Kg7 {[%clk 0:34:26]} 49. Rg5+ {[%clk 0:27:08]} Kf6
{[%clk 0:34:41]} 50. Rf5+ {[%clk 0:27:21]} 1/2-1/2

[Event "Wolrd Chess Olympiad 2018"]
[Site "Batumi"]
[Date "2018.09.25"]
[Round "2"]
[Board "1"]
[WhiteFideId "22400052"]
[White "Gadeanang Andrew"]
[BlackFideId "11000120"]
[Black "Makoto Rodwell"]
[Result "0-1"]
[LiveChessVersion "1.4.8"]
[BlackElo "2338"]
[WhiteElo "1551"]

1. d4 {[%clk 1:30:49]} f5 {[%clk 1:30:45]} 2. c4 {[%clk 1:31:06]} Nf6
{[%clk 1:31:12]} 3. Nc3 {[%clk 1:31:23]} g6 {[%clk 1:31:35]} 4. Nf3
{[%clk 1:31:29]} Bg7 {[%clk 1:31:52]} 5. e3 {[%clk 1:31:32]} d6 {[%clk 1:32:07]}
6. Bd3 {[%clk 1:30:41]} Nbd7 {[%clk 1:31:57]} 7. Ne2 {[%clk 1:30:06]} e5
{[%clk 1:32:03]} 8. dxe5 {[%clk 1:28:46]} dxe5 {[%clk 1:32:27]} 9. Bc2
{[%clk 1:28:44]} O-O {[%clk 1:32:37]} 10. O-O {[%clk 1:29:05]} e4
{[%clk 1:28:54]} 11. Nfd4 {[%clk 1:29:26]} Qe7 {[%clk 1:28:38]} 12. Rb1
{[%clk 1:29:06]} Ne5 {[%clk 1:28:25]} 13. Qe1 {[%clk 1:25:53]} c5
{[%clk 1:25:58]} 14. Nb5 {[%clk 1:25:15]} Nxc4 {[%clk 1:23:43]} 15. Bb3
{[%clk 1:25:27]} Be6 {[%clk 1:24:08]} 16. Nf4 {[%clk 1:24:37]} Bf7
{[%clk 1:23:13]} 17. Qe2 {[%clk 1:22:41]} Ne5 {[%clk 1:20:34]} 18. Bxf7+
{[%clk 1:22:40]} Rxf7 {[%clk 1:20:23]} 19. b3 {[%clk 1:21:46]} g5
{[%clk 1:19:40]} 20. Nh3 {[%clk 1:21:50]} h6 {[%clk 1:18:59]} 21. Bb2
{[%clk 1:22:08]} a6 {[%clk 1:18:52]} 22. Na3 {[%clk 1:21:14]} Nd3
{[%clk 1:18:48]} 23. Bxf6 {[%clk 1:21:07]} Rxf6 {[%clk 1:18:09]} 24. f4
{[%clk 1:20:41]} g4 {[%clk 1:14:06]} 25. Nf2 {[%clk 1:21:00]} Rd8
{[%clk 1:13:59]} 26. Nc4 {[%clk 1:17:39]} b5 {[%clk 1:12:38]} 27. Nb2
{[%clk 1:14:36]} Rfd6 {[%clk 1:11:28]} 28. Nh1 {[%clk 1:11:02]} Nxb2
{[%clk 1:11:26]} 29. Rxb2 {[%clk 1:11:16]} Bxb2 {[%clk 1:11:50]} 30. Qxb2
{[%clk 1:11:32]} Rd2 {[%clk 1:12:03]} 31. Qa3 {[%clk 1:11:19]} Qd6
{[%clk 1:11:58]} 32. Ng3 {[%clk 1:11:27]} Rc2 {[%clk 1:10:20]} 33. Nxf5
{[%clk 1:06:32]} Qd2 {[%clk 1:10:20]} 34. Nh4 {[%clk 1:06:53]} Qxe3+
{[%clk 1:10:14]} 35. Kh1 {[%clk 1:07:11]} Qf2 {[%clk 1:10:05]} 36. Rb1
{[%clk 1:06:38]} Rcd2 {[%clk 1:10:05]} 37. Qc1 {[%clk 1:05:59]} Qxh4
{[%clk 1:09:54]} 0-1

[Event "Wolrd Chess Olympiad 2018"]
[Site "Batumi"]
[Date "2018.09.25"]
[Round "2"]
[Board "2"]
[WhiteFideId "11309504"]
[White "Mushore Emarald Takudzwa"]
[BlackFideId "22400079"]
[Black "Dabuae David"]
[Result "1-0"]
[LiveChessVersion "1.4.8"]
[BlackElo "1723"]
[WhiteElo "2152"]

1. e4 {[%clk 1:30:54]} c5 {[%clk 1:30:53]} 2. Nf3 {[%clk 1:31:20]} d6
{[%clk 1:31:13]} 3. Nc3 {[%clk 1:31:42]} a6 {[%clk 1:31:29]} 4. g3
{[%clk 1:32:04]} Nc6 {[%clk 1:31:38]} 5. Bg2 {[%clk 1:32:32]} Nf6
{[%clk 1:31:48]} 6. O-O {[%clk 1:32:54]} g6 {[%clk 1:31:59]} 7. d4
{[%clk 1:33:12]} cxd4 {[%clk 1:32:21]} 8. Nxd4 {[%clk 1:33:39]} Nxd4
{[%clk 1:31:42]} 9. Qxd4 {[%clk 1:34:06]} Bg7 {[%clk 1:31:33]} 10. Be3
{[%clk 1:33:58]} O-O {[%clk 1:31:41]} 11. Qb4 {[%clk 1:33:49]} a5
{[%clk 1:27:00]} 12. Qa3 {[%clk 1:28:10]} Ng4 {[%clk 1:26:43]} 13. Bg5
{[%clk 1:27:34]} h6 {[%clk 1:26:25]} 14. Bd2 {[%clk 1:28:00]} Ne5
{[%clk 1:26:35]} 15. b3 {[%clk 1:27:58]} Bd7 {[%clk 1:26:14]} 16. Rad1
{[%clk 1:26:42]} b5 {[%clk 1:24:36]} 17. Qc1 {[%clk 1:26:58]} Kh7
{[%clk 1:24:22]} 18. Nd5 {[%clk 1:23:54]} e6 {[%clk 1:24:21]} 19. Ne3
{[%clk 1:24:21]} Rc8 {[%clk 1:24:23]} 20. f4 {[%clk 1:23:48]} Nd3
{[%clk 1:23:49]} 21. Qb1 {[%clk 1:24:05]} Nb2 {[%clk 1:23:28]} 22. Rde1
{[%clk 1:24:01]} a4 {[%clk 1:23:29]} 23. Bb4 {[%clk 1:22:57]} axb3
{[%clk 1:10:56]} 24. axb3 {[%clk 1:17:17]} Qc7 {[%clk 1:00:30]} 25. e5
{[%clk 1:15:01]} dxe5 {[%clk 0:58:50]} 26. f5 {[%clk 1:15:08]} e4
{[%clk 0:56:13]} 27. f6 {[%clk 1:15:22]} Bh8 {[%clk 0:55:31]} 28. Bxf8
{[%clk 1:14:32]} Rxf8 {[%clk 0:55:59]} 29. Qxb2 {[%clk 1:14:52]} Bc6
{[%clk 0:55:04]} 30. Qc1 {[%clk 1:14:56]} Qe5 {[%clk 0:55:07]} 31. Qa3
{[%clk 1:15:07]} Ra8 {[%clk 0:55:07]} 32. Qe7 {[%clk 1:15:28]} Kg8
{[%clk 0:54:57]} 33. Ng4 {[%clk 1:14:35]} Qg5 {[%clk 0:54:08]} 34. Qc7
{[%clk 1:14:39]} Bd5 {[%clk 0:48:26]} 35. Rf4 {[%clk 1:13:57]} h5
{[%clk 0:44:22]} 36. Ne5 {[%clk 1:12:18]} Rf8 {[%clk 0:44:04]} 37. Ref1
{[%clk 1:10:59]} e3 {[%clk 0:40:46]} 38. Bxd5 {[%clk 1:11:05]} exd5
{[%clk 0:41:08]} 39. Nf3 {[%clk 1:10:45]} Qh6 {[%clk 0:41:09]} 40. h4
{[%clk 1:41:10]} e2 {[%clk 1:07:20]} 41. Re1 {[%clk 1:41:04]} Re8
{[%clk 1:06:44]} 42. Qe7 {[%clk 1:41:18]} 1-0

[Event "Wolrd Chess Olympiad 2018"]
[Site "Batumi"]
[Date "2018.09.25"]
[Round "2"]
[Board "3"]
[WhiteFideId "22400117"]
[White "Taleka Jed Selu"]
[BlackFideId "11001933"]
[Black "Zhemba Jemusse"]
[Result "1/2-1/2"]
[LiveChessVersion "1.4.8"]
[BlackElo "2138"]
[WhiteElo "1723"]

1. d4 {[%clk 1:30:50]} Nf6 {[%clk 1:30:20]} 2. Nf3 {[%clk 1:30:53]} g6
{[%clk 1:30:33]} 3. Bf4 {[%clk 1:30:48]} Bg7 {[%clk 1:30:25]} 4. e3
{[%clk 1:29:43]} O-O {[%clk 1:30:37]} 5. Bc4 {[%clk 1:29:42]} c5 {[%clk 1:29:26]}
6. Bxb8 {[%clk 1:27:15]} Rxb8 {[%clk 1:29:42]} 7. Nbd2 {[%clk 1:26:44]} b5
{[%clk 1:29:12]} 8. Be2 {[%clk 1:26:54]} cxd4 {[%clk 1:28:36]} 9. Nxd4
{[%clk 1:26:24]} a6 {[%clk 1:28:35]} 10. O-O {[%clk 1:26:33]} Bb7
{[%clk 1:28:31]} 11. Bf3 {[%clk 1:26:47]} d5 {[%clk 1:28:24]} 12. c3
{[%clk 1:25:54]} e5 {[%clk 1:28:13]} 13. N4b3 {[%clk 1:25:51]} Qc7
{[%clk 1:28:07]} 14. Rc1 {[%clk 1:24:04]} Rfd8 {[%clk 1:27:21]} 15. Qe1
{[%clk 1:21:48]} a5 {[%clk 1:26:18]} 16. a3 {[%clk 1:20:12]} Qb6 {[%clk 1:25:02]}
17. Rd1 {[%clk 1:16:05]} b4 {[%clk 1:22:24]} 18. axb4 {[%clk 1:13:26]} axb4
{[%clk 1:22:46]} 19. c4 {[%clk 1:13:28]} d4 {[%clk 1:20:56]} 20. c5
{[%clk 1:13:02]} Qb5 {[%clk 1:19:35]} 21. Bxb7 {[%clk 1:13:04]} Rxb7
{[%clk 1:19:43]} 22. exd4 {[%clk 1:11:20]} exd4 {[%clk 1:20:02]} 23. Ne4
{[%clk 1:11:24]} Ne8 {[%clk 1:14:59]} 24. Qd2 {[%clk 1:08:30]} d3
{[%clk 1:12:58]} 25. Rfe1 {[%clk 1:05:39]} Rbd7 {[%clk 1:10:58]} 26. Rc1
{[%clk 1:04:34]} Rd5 {[%clk 1:09:27]} 27. c6 {[%clk 1:03:57]} Nc7
{[%clk 1:08:57]} 28. g3 {[%clk 1:02:36]} h6 {[%clk 1:08:26]} 29. Qf4
{[%clk 1:01:33]} Qb6 {[%clk 1:03:21]} 30. Nf6+ {[%clk 1:01:22]} Bxf6
{[%clk 1:03:31]} 31. Qxf6 {[%clk 1:01:03]} R8d6 {[%clk 1:02:42]} 32. Qf4
{[%clk 0:59:04]} g5 {[%clk 0:56:07]} 33. Qd2 {[%clk 0:57:25]} Rxc6
{[%clk 0:55:55]} 34. Rxc6 {[%clk 0:56:54]} Qxc6 {[%clk 0:56:22]} 35. Rc1
{[%clk 0:55:47]} Qd6 {[%clk 0:56:38]} 36. Rc4 {[%clk 0:55:06]} Na6
{[%clk 0:49:02]} 37. h4 {[%clk 0:55:21]} Qe6 {[%clk 0:48:36]} 38. Rd4
{[%clk 0:49:24]} Rxd4 {[%clk 0:48:04]} 39. Nxd4 {[%clk 0:49:38]} Qe4
{[%clk 0:48:14]} 40. Nb3 {[%clk 1:18:12]} Qe2 {[%clk 1:17:47]} 41. hxg5
{[%clk 1:18:24]} Qxd2 {[%clk 1:18:09]} 42. Nxd2 {[%clk 1:18:01]} hxg5
{[%clk 1:18:36]} 43. f3 {[%clk 1:17:40]} f5 {[%clk 1:17:13]} 44. Kf2
{[%clk 1:17:32]} f4 {[%clk 1:17:40]} 45. Ne4 {[%clk 1:15:35]} Nc5
{[%clk 1:15:35]} 46. Nd2 {[%clk 1:10:42]} Kf7 {[%clk 1:15:14]} 47. g4
{[%clk 1:08:58]} Ke6 {[%clk 1:15:17]} 48. Ke1 {[%clk 1:06:34]} Kd5
{[%clk 1:15:24]} 49. Kd1 {[%clk 1:05:05]} Kd4 {[%clk 1:15:39]} 50. Nf1
{[%clk 1:04:25]} Nb3 {[%clk 1:15:11]} 51. Ke1 {[%clk 1:04:24]} Kc4
{[%clk 1:14:37]} 52. Kd1 {[%clk 1:04:24]} Kd4 {[%clk 1:13:41]} 53. Ke1
{[%clk 1:04:04]} Na5 {[%clk 1:14:05]} 54. Kd1 {[%clk 1:01:26]} Nc4
{[%clk 1:11:56]} 55. Kc1 {[%clk 1:00:54]} Ne3 {[%clk 1:10:49]} 56. Nd2
{[%clk 1:00:12]} Nxg4 {[%clk 1:07:21]} 57. fxg4 {[%clk 0:58:56]} Ke3
{[%clk 1:07:36]} 58. Kd1 {[%clk 0:57:41]} f3 {[%clk 1:07:48]} 59. b3
{[%clk 0:55:26]} f2 {[%clk 1:07:29]} 60. Nf1+ {[%clk 0:54:53]} Kf3
{[%clk 1:06:05]} 61. Kd2 {[%clk 0:54:02]} Kxg4 {[%clk 1:03:17]} 62. Ke3
{[%clk 0:54:21]} Kf5 {[%clk 1:01:18]} 63. Kxd3 {[%clk 0:54:12]} Kf4
{[%clk 1:00:51]} 64. Ke2 {[%clk 0:54:27]} Ke4 {[%clk 1:01:07]} 65. Kxf2
{[%clk 0:54:16]} Kd3 {[%clk 1:01:33]} 66. Ne3 {[%clk 0:52:59]} g4
{[%clk 1:01:34]} 1/2-1/2

[Event "Wolrd Chess Olympiad 2018"]
[Site "Batumi"]
[Date "2018.09.25"]
[Round "2"]
[Board "4"]
[WhiteFideId "14300753"]
[White "Masango Spencer"]
[BlackFideId "22400010"]
[Black "Dube Rene"]
[Result "1-0"]
[LiveChessVersion "1.4.8"]
[BlackElo "1743"]
[WhiteElo "2121"]

1. Nf3 {[%clk 1:30:46]} Nc6 {[%clk 1:30:29]} 2. c4 {[%clk 1:30:45]} e5
{[%clk 1:29:30]} 3. Nc3 {[%clk 1:31:09]} Nf6 {[%clk 1:28:42]} 4. g3
{[%clk 1:31:19]} Be7 {[%clk 1:26:24]} 5. Bg2 {[%clk 1:31:36]} O-O
{[%clk 1:26:10]} 6. O-O {[%clk 1:31:52]} d6 {[%clk 1:24:47]} 7. d4
{[%clk 1:32:10]} exd4 {[%clk 1:23:47]} 8. Nxd4 {[%clk 1:32:28]} Ne5
{[%clk 1:22:09]} 9. b3 {[%clk 1:32:33]} c5 {[%clk 1:19:56]} 10. Nc2
{[%clk 1:32:27]} Rb8 {[%clk 1:19:12]} 11. Ne3 {[%clk 1:28:50]} a6
{[%clk 1:13:01]} 12. a4 {[%clk 1:28:56]} Nc6 {[%clk 1:10:36]} 13. Bb2
{[%clk 1:27:49]} Nb4 {[%clk 1:07:44]} 14. Qd2 {[%clk 1:26:54]} Qc7
{[%clk 1:00:43]} 15. Rad1 {[%clk 1:25:53]} Be6 {[%clk 0:57:54]} 16. f4
{[%clk 1:23:56]} b5 {[%clk 0:44:31]} 17. f5 {[%clk 1:23:04]} Bd7 {[%clk 0:42:38]}
18. Ncd5 {[%clk 1:23:10]} Nbxd5 {[%clk 0:39:41]} 19. Nxd5 {[%clk 1:23:29]} Qd8
{[%clk 0:39:47]} 20. Nxe7+ {[%clk 1:22:53]} Qxe7 {[%clk 0:39:40]} 21. Qxd6
{[%clk 1:22:59]} Qxd6 {[%clk 0:19:32]} 22. Rxd6 {[%clk 1:23:22]} Bc8
{[%clk 0:19:12]} 23. Bxf6 {[%clk 1:22:34]} gxf6 {[%clk 0:19:20]} 24. cxb5
{[%clk 1:22:54]} axb5 {[%clk 0:19:18]} 25. a5 {[%clk 1:22:56]} Bb7
{[%clk 0:19:22]} 26. Bxb7 {[%clk 1:22:17]} Rxb7 {[%clk 0:19:19]} 27. Rxf6
{[%clk 1:22:33]} Rc8 {[%clk 0:14:19]} 28. a6 {[%clk 1:21:05]} Rbc7
{[%clk 0:09:38]} 29. Rb6 {[%clk 1:20:56]} b4 {[%clk 0:06:03]} 30. Ra1
{[%clk 1:21:07]} Kf8 {[%clk 0:05:51]} 31. a7 {[%clk 1:20:53]} Ra8
{[%clk 0:02:17]} 32. Rb8+ {[%clk 1:21:16]} Rc8 {[%clk 0:02:40]} 33. Rxc8+
{[%clk 1:21:42]} Rxc8 {[%clk 0:02:58]} 34. a8=Q {[%clk 1:22:07]} Rxa8
{[%clk 0:03:09]} 35. Rxa8+ {[%clk 1:22:31]} Ke7 {[%clk 0:03:31]} 36. Ra6
{[%clk 1:22:48]} 1-0

[Event "Wolrd Chess Olympiad 2018"]
[Site "Batumi"]
[Date "2018.09.25"]
[Round "2"]
[Board "1"]
[WhiteFideId "6100031"]
[White "Lacayo Rene"]
[BlackFideId "31900232"]
[Black "Guterres Luis"]
[Result "1-0"]
[LiveChessVersion "1.4.8"]
[BlackElo "1779"]
[WhiteElo "2228"]

1. d4 {[%clk 1:30:55]} d5 {[%clk 1:30:19]} 2. c4 {[%clk 1:31:14]} e6
{[%clk 1:29:27]} 3. Nc3 {[%clk 1:31:34]} Nf6 {[%clk 1:28:35]} 4. Nf3
{[%clk 1:31:46]} h6 {[%clk 1:28:02]} 5. Qc2 {[%clk 1:27:51]} Bb4 {[%clk 1:25:04]}
6. a3 {[%clk 1:17:15]} Bxc3+ {[%clk 1:24:35]} 7. Qxc3 {[%clk 1:17:41]} O-O
{[%clk 1:22:40]} 8. g4 {[%clk 1:11:36]} Ne4 {[%clk 1:18:44]} 9. Qc2
{[%clk 1:12:23]} f6 {[%clk 1:15:54]} 10. Rg1 {[%clk 1:02:23]} Nc6
{[%clk 1:07:17]} 11. Be3 {[%clk 0:49:09]} Na5 {[%clk 1:00:55]} 12. cxd5
{[%clk 0:35:28]} exd5 {[%clk 0:59:55]} 13. Nd2 {[%clk 0:34:23]} Re8
{[%clk 0:43:09]} 14. Bf4 {[%clk 0:23:29]} c6 {[%clk 0:39:17]} 15. Nxe4
{[%clk 0:13:18]} Rxe4 {[%clk 0:38:25]} 16. e3 {[%clk 0:13:22]} Qe7
{[%clk 0:32:46]} 17. Be2 {[%clk 0:08:33]} b5 {[%clk 0:27:54]} 18. O-O-O
{[%clk 0:06:16]} Nc4 {[%clk 0:15:14]} 19. Bd3 {[%clk 0:05:45]} a5
{[%clk 0:07:24]} 20. h4 {[%clk 0:05:10]} a4 {[%clk 0:04:28]} 21. Bxe4
{[%clk 0:04:01]} dxe4 {[%clk 0:02:42]} 22. g5 {[%clk 0:04:24]} hxg5
{[%clk 0:01:47]} 23. hxg5 {[%clk 0:04:53]} 1-0